A key to delivering environmentally sustainable assets (Record no. 73651)
[ view plain ]
| 000 -LEADER | |
|---|---|
| fixed length control field | 01220cam a2200205 4500 |
| 001 - CONTROL NUMBER | |
| control field | ABS67199 |
| 008 - FIXED-LENGTH DATA ELEMENTS--GENERAL INFORMATION | |
| fixed length control field | 031027n2003 000 0 eng u |
| 035 ## - SYSTEM CONTROL NUMBER | |
| System control number | (Sirsi) u124060 |
| 100 ## - MAIN ENTRY--PERSONAL NAME | |
| Personal name | Quinn, M. |
| 245 #2 - TITLE STATEMENT | |
| Title | A key to delivering environmentally sustainable assets |
| 260 ## - PUBLICATION, DISTRIBUTION, ETC. | |
| Date of publication, distribution, etc. | 2003 |
| 490 ## - SERIES STATEMENT | |
| Series statement | Building Economist |
| Volume/sequential designation | September 2003, 27-34(8) |
| 520 ## - SUMMARY, ETC. | |
| Summary, etc. | Discusses how the quantity surveyor's skills can be harnessed in the development of environmentally sustainable design. Focuses on the skillls of managing quantity and the relationship of quantity to cost and environmental performance. Article is an extract from the Australian Council of Building Design Professionals(BDP) "Environment design guide" and includes a description of the BDP remit. Includes table of the objectives of stakeholder positions in two different scenarios. Concludes there is an opportunity for the quantity surveyor to play a more pro-active role in the development of environmentally responsible design and to promote a better appreciation of its attributes. |
| 590 ## - LOCAL NOTE (RLIN) | |
| Local note | ABS |
| 650 ## - SUBJECT ADDED ENTRY--TOPICAL TERM | |
| Topical term or geographic name entry element | AUSTRALIA |
| 650 ## - SUBJECT ADDED ENTRY--TOPICAL TERM | |
| Topical term or geographic name entry element | Sustainability |
| 9 (RLIN) | 6271 |
| 650 ## - SUBJECT ADDED ENTRY--TOPICAL TERM | |
| Topical term or geographic name entry element | SUSTAINABLE DESIGN |
| 690 ## - LOCAL SUBJECT ADDED ENTRY--TOPICAL TERM (OCLC, RLIN) | |
| Topical term or geographic name as entry element | Quantity surveying |
| 9 (RLIN) | 6263 |
| 942 ## - ADDED ENTRY ELEMENTS (KOHA) | |
| Suppress in OPAC | 0 |
| Withdrawn status | Lost status | Source of classification or shelving scheme | Damaged status | Not for loan | Home library | Current library | Shelving location | Date acquired | Total Checkouts | Full call number | Barcode | Date last seen | Copy number | Price effective from | Koha item type |
|---|---|---|---|---|---|---|---|---|---|---|---|---|---|---|---|
| Dewey Decimal Classification | London | London | Journal article | 27/10/2003 | ABS67199 | 124060-1001 | 06/08/2019 | 1 | 06/08/2019 | Journal article |